| 000 | 00649cam a2200253 a 4500 | ||
|---|---|---|---|
| 999 |
_c8328 _d8328 |
||
| 001 | 8328 | ||
| 003 | BD-JhCC | ||
| 005 | 20180711095213.0 | ||
| 008 | 030106s2004 caua 001 0 eng | ||
| 035 | _a(BD-JhCC)8328 | ||
| 040 |
_aDLC _cDLC _dDLC _dBD-JhCC |
||
| 041 | _aeng | ||
| 050 | 0 | 0 |
_aQD31.3 _b.W53 2004 |
| 082 | 0 | 0 |
_a540 _222 _bSEL 1954 |
| 100 | _a Selwood, P. W. | ||
| 245 | 0 | 0 |
_aGeneral chemistry / _cP. W. Selwood |
| 250 | _a7th ed. / | ||
| 260 |
_aNew York : _bHenry Holt and Company, _c1954. |
||
| 300 |
_a657 _bill. ; _c23 cm |
||
| 500 | _aIncludes index. | ||
| 650 | 0 |
_aChemistry _vTextbooks. |
|
| 942 |
_2ddc _cBK |
||